| 000 -LEADER |
| fixed length control field |
02795cam a22004458i 4500 |
| 001 - CONTROL NUMBER |
| control field |
21484106 |
| 003 - CONTROL NUMBER IDENTIFIER |
| control field |
NUST |
| 005 - DATE AND TIME OF LATEST TRANSACTION |
| control field |
20200916142226.0 |
| 008 - FIXED-LENGTH DATA ELEMENTS--GENERAL INFORMATION |
| fixed length control field |
200330s2020 flu b 101 0 eng |
| 010 ## - LIBRARY OF CONGRESS CONTROL NUMBER |
| LC control number |
2020014755 |
| 020 ## - INTERNATIONAL STANDARD BOOK NUMBER |
| International Standard Book Number |
9780367346515 |
| Qualifying information |
(hbk) |
| 020 ## - INTERNATIONAL STANDARD BOOK NUMBER |
| Canceled/invalid ISBN |
9780429327025 |
| Qualifying information |
(ebook) |
| 020 ## - INTERNATIONAL STANDARD BOOK NUMBER |
| Canceled/invalid ISBN |
9781000074550 |
| Qualifying information |
(mobi) |
| 020 ## - INTERNATIONAL STANDARD BOOK NUMBER |
| Canceled/invalid ISBN |
9781000074567 |
| Qualifying information |
(epub) |
| 020 ## - INTERNATIONAL STANDARD BOOK NUMBER |
| Canceled/invalid ISBN |
9781000074543 |
| Qualifying information |
(adobe pdf) |
| 038 ## - RECORD CONTENT LICENSOR |
| Staff Name |
MSOHAIL |
| 040 ## - CATALOGING SOURCE |
| Original cataloging agency |
DLC |
| Language of cataloging |
eng |
| Description conventions |
rda |
| Transcribing agency |
DLC |
| 042 ## - AUTHENTICATION CODE |
| Authentication code |
pcc |
| 050 00 - LIBRARY OF CONGRESS CALL NUMBER |
| Classification number |
TA502 |
| Item number |
.I65 2019 |
| 082 00 - DEWEY DECIMAL CLASSIFICATION NUMBER |
| Classification number |
526 |
| Edition number |
23 |
| Author Mark |
MOL |
| 111 2# - MAIN ENTRY--MEETING NAME |
| Meeting name or jurisdiction name as entry element |
International Scientific and Technical Conference on Geodesy, Cartography and Geoinformatics |
| Number of part/section/meeting |
(11th : |
| Date of meeting |
2019 : |
| Location of meeting |
Demänovská Dolina, Low Tatras, Slovakia) |
| Relator term |
author. |
| 9 (RLIN) |
30164 |
| 245 10 - TITLE STATEMENT |
| Title |
Advances and trends in geodesy, cartography and geoinformatics II : |
| Remainder of title |
proceedings of the 11th International Scientific and Technical Conference on Geodesy, Cartography and Geoinformatics (GCG 2019), 10-13 September, 2019, Demänovská Dolina, Low Tatras, Slovakia / |
| Statement of responsibility, etc. |
editors, Soňa Molčíková, Viera Hurčíková, Peter Blištan. |
| 263 ## - PROJECTED PUBLICATION DATE |
| Projected publication date |
2006 |
| 264 #1 - PRODUCTION, PUBLICATION, DISTRIBUTION, MANUFACTURE, AND COPYRIGHT NOTICE |
| Place of production, publication, distribution, manufacture |
Boca Raton : |
| Name of producer, publisher, distributor, manufacturer |
CRCpress, Taylor & Francis Group, |
| Date of production, publication, distribution, manufacture, or copyright notice |
2020. |
| 300 ## - PHYSICAL DESCRIPTION |
| Extent |
pages cm |
| 336 ## - CONTENT TYPE |
| Content type term |
text |
| Content type code |
txt |
| Source |
rdacontent |
| 337 ## - MEDIA TYPE |
| Media type term |
unmediated |
| Media type code |
n |
| Source |
rdamedia |
| 338 ## - CARRIER TYPE |
| Carrier type term |
volume |
| Carrier type code |
nc |
| Source |
rdacarrier |
| 490 0# - SERIES STATEMENT |
| Series statement |
Advances and Trends in Geodesy, Cartography and Geoinformatics, |
| International Standard Serial Number |
2643-2420 |
| 500 ## - GENERAL NOTE |
| General note |
"A Balkema book." |
| 504 ## - BIBLIOGRAPHY, ETC. NOTE |
| Bibliography, etc. note |
Includes bibliographical references and index. |
| 520 ## - SUMMARY, ETC. |
| Summary, etc. |
"This volume contains a selection of peer-reviewed papers presented at the International Scientific and Professional Conference Geodesy, Cartography and Geoinformatics 2019 (GCG 2019). The conference provided a forum for prominent scientists, researchers and professionals from Slovakia, Poland and the Czech Republic to present novel and fundamental advances in the fields of geodesy, cartography and geoinformatics. The focus was on a wide spectrum of actual topics and subjects areas in Surveying and mine surveying, Geodetic control and geodynamics and Cartography and Geoinformatics collected in this proceedings volume"-- |
| Assigning source |
Provided by publisher. |
| 650 #0 - SUBJECT ADDED ENTRY--TOPICAL TERM |
| Topical term or geographic name entry element |
Surveying |
| Form subdivision |
Congresses. |
| 9 (RLIN) |
30165 |
| 650 #0 - SUBJECT ADDED ENTRY--TOPICAL TERM |
| Topical term or geographic name entry element |
Geodesy |
| Form subdivision |
Congresses. |
| 9 (RLIN) |
30166 |
| 700 1# - ADDED ENTRY--PERSONAL NAME |
| Personal name |
Molčíková, Soňa, |
| Relator term |
editor. |
| 9 (RLIN) |
30167 |
| 776 08 - ADDITIONAL PHYSICAL FORM ENTRY |
| Relationship information |
Online version: |
| Main entry heading |
International Scientific and Technical Conference on Geodesy, Cartography and Geoinformatics (11th : 2019 : |
| Qualifying information |
Demänovská Dolina, Low Tatras, Slovakia). |
| Title |
Advances and trends in geodesy, cartography and geoinformatics II |
| Place, publisher, and date of publication |
Boca Raton : CRCpress, Taylor & Francis Group, 2020. |
| International Standard Book Number |
9780429327025 |
| Record control number |
(DLC) 2020014756 |
| 906 ## - LOCAL DATA ELEMENT F, LDF (RLIN) |
| a |
7 |
| b |
cbc |
| c |
orignew |
| d |
1 |
| e |
ecip |
| f |
20 |
| g |
y-gencatlg |
| 942 ## - ADDED ENTRY ELEMENTS (KOHA) |
| Source of classification or shelving scheme |
|
| Koha item type |
Book |